रामराजा बहादुर / (Record no. 117499)

MARC details
000 -LEADER
fixed length control field 01213nam a22002657a 4500
005 - DATE AND TIME OF LATEST TRANSACTION
control field 20170124103056.0
010 ## - LIBRARY OF CONGRESS CONTROL NUMBER
LC control number A-674847
020 ## - INTERNATIONAL STANDARD BOOK NUMBER
Terms of availability 35.00
International Standard Book Number 8123705212
035 ## - SYSTEM CONTROL NUMBER
System control number A-674847
037 ## - SOURCE OF ACQUISITION
Source of stock number/acquisition Cen Lib/Ret
040 ## - CATALOGING SOURCE
Original cataloging agency DPL
Language of cataloging HN
082 ## - DEWEY DECIMAL CLASSIFICATION NUMBER
Classification number
Item number पिल्लैसी
100 ## - MAIN ENTRY--PERSONAL NAME
Personal name पिल्लै, सी.वी.रमन
9 (RLIN) 74961
245 ## - TITLE STATEMENT
Title रामराजा बहादुर /
Statement of responsibility, etc सी.वी.रमन पिल्लै ; अनुवादक एन.ई.विश्वनाथ अय्यर
246 ## - VARYING FORM OF TITLE
Title proper/short title Ramraja Bahadur /
Remainder of title by C.V.Raman Pillae ; anuvadak N.E.Vishvnath Ayyar
260 ## - PUBLICATION, DISTRIBUTION, ETC. (IMPRINT)
Place of publication, distribution, etc नयी दिल्ली
Name of publisher, distributor, etc नेशनल बुक ट्रस्ट
Date of publication, distribution, etc 1993
270 ## - ADDRESS
Address ए-5, ग्रीन पार्क
City नयी दिल्ली
Postal code 110016
300 ## - PHYSICAL DESCRIPTION
Extent 186पृ.
Dimensions 20सेमी (सजिल्द)
650 ## - SUBJECT ADDED ENTRY--TOPICAL TERM
Topical term or geographic name as entry element हिन्दी साहित्य
9 (RLIN) 74962
650 ## - SUBJECT ADDED ENTRY--TOPICAL TERM
Topical term or geographic name as entry element हिन्दी -- उपन्यास
9 (RLIN) 74963
650 ## - SUBJECT ADDED ENTRY--TOPICAL TERM
Topical term or geographic name as entry element Hindi literature
9 (RLIN) 74964
650 ## - SUBJECT ADDED ENTRY--TOPICAL TERM
Topical term or geographic name as entry element Hindi -- Fiction
9 (RLIN) 27248
700 ## - ADDED ENTRY--PERSONAL NAME
Personal name अय्यर, एन.ई.विश्वनाथ
9 (RLIN) 74965
942 ## - ADDED ENTRY ELEMENTS (KOHA)
Source of classification or shelving scheme Dewey Decimal Classification
Koha item type Hindi Books
Classification part
Call number suffix पिल्लैसी
Holdings
Withdrawn status Lost status Damaged status Not for loan Home library Current library Date acquired Source of acquisition Cost, normal purchase price Total Checkouts Full call number Barcode Date last seen Copy number Cost, replacement price Price effective from Koha item type Public note Source of classification or shelving scheme Collection code
Written off       Central Library Central Library 04/09/2015 Cen Lib/Ret 35.00   उ पिल्लैसी A-674847 04/09/2015 1 35.00 04/09/2015 Hindi Books Written off on approval by DLB (By Circulation); dtd 15-06-2023    
        Sarojini Nagar Sarojini Nagar 14/10/2021       उ पिल्लैसी A-674873 14/10/2021   35.00 14/10/2021 Hindi Books Withdrawn List Prepared L.No.49/1 Dewey Decimal Classification Non-fiction

© Delhi Public Library
Hit Counter
free hit counter